| 000 | 00000nam 2200000za 4500 |
| 001 | 9.822180 |
| 003 | CaOODSP |
| 005 | 20221107143630 |
| 007 | cr ||||||||||| |
| 008 | 160808s1976 onc oz f000 0 fre d |
| 040 | |aCaOODSP|bfre |
| 041 | |aeng|afre |
| 043 | |an-cn--- |
| 086 | 1 |aE3-1975/3-PDF|zE3-1975/3 |
| 245 | 00|aRefugees |h[ressource électronique] : |bprotocol relating to refugee seamen = Réfugiés : protocole relatif aux marins réfugiés. |
| 246 | 31|aRéfugiés : |bprotocole relatif aux marins réfugiés |
| 246 | 16|aProtocole relatif aux marins réfugiés |
| 260 | |aOttawa : |bQueen's Printer = Imprimeur de la Reine, |c1976. |
| 300 | |a7 p. |
| 490 | 1 |aTreaty series = Recueil des traités ; |v1975, n° 3 |
| 500 | |a« Fait à la Haye, le 12 juin 1973. L'instrument d'acceptation du Canada déposé le 9 janvier 1975. En vigueur le 10 février 1975. » |
| 530 | |aÉgalement publ. en version imprimée. |
| 546 | |aTexte en anglais et en français. |
| 692 | 07|2gccst|aRéfugié |
| 692 | 07|2gccst|aAccord multilatéral |
| 710 | 1 |aCanada. |bMinistère des affaires extérieures. |
| 791 | |tRefugees |eeng|w(CaOODSP)9.822177 |
| 830 | #0|aTreaty series = Recueil des traités ;|v1975, n° 3|w(CaOODSP)9.813202 |
| 856 | 40|qPDF|s500 Ko|uhttps://publications.gc.ca/collections/collection_2016/amc-gac/E3-1975-3.pdf |